Mangas issus du Weekly Shōnen Jump - Mort Subite - Statistiques

Statistiques générales
  • Ce quiz a été pris 959 fois
  • Le résultat moyen est 6 sur 25
Answers on the Grid
Answers color-coded by a green-red scale on the quiz's grid according to % correct below.
Assassination Classroom
Bakuman
Beelzebub
Bleach
Blue Box
Blue Lock
Boruto
Captain Tsubasa
City Hunter
Cobra
D.Gray Man
Dandadan
Death Note
Détective Conan
Devilman
Dragon Ball
Dragon Ball GT
Food Wars
Frieren
Gintama
JoJo's Bizarre Adventure
Kagurabachi
Kaiju n°8
Kingdom
L'Attaque des Titans
Mashle
Nisekoi
One Piece
One-Punch Man
Saiki Kusuo
Sakamoto Days
Seven Deadly Sins
Slam Dunk
Spy x Family
The Promised Neverland
The Quintessential Quintuplets
Tokyo Ghoul
Tokyo Revengers
Toriko
Yu-Gi-Oh!
 
Statistiques - réponses
Réponse % Correct
Bleach
67%
Assassination Classroom
55%
Boruto
35%
One Piece
34%
Bakuman
33%
Dragon Ball
32%
Beelzebub
26%
Blue Box
24%
Death Note
20%
Gintama
18%
Sakamoto Days
18%
City Hunter
17%
JoJo's Bizarre Adventure
17%
Mashle
16%
Slam Dunk
16%
Captain Tsubasa
15%
Yu-Gi-Oh!
15%
D.Gray Man
13%
Food Wars
13%
The Promised Neverland
13%
Toriko
13%
Cobra
11%
Kagurabachi
11%
Saiki Kusuo
10%
Nisekoi
8%
Aucun quiz correspondant
Distribution des résultats
% des personnes avec chaque résultat
Percentile par nombre de réponses
Votre historique - résultats
Vous n’avez pas pris ce quiz